000 01058nam a2200289 i 4500
003 EG-GICUC
005 20260411183747.0
008 260411s1944 sz |||fr|||| 00| 0 fre d
040 _a EG-GICUC
_bfre
_c EG-GICUC
_d EG-GICUC
_erda
082 0 4 _221
_a341.65
_bHU . P
092 0 4 _221
099 _aLaw1 11 341.65 HU . P 1944
100 1 _aHuber,Max
_eAuteur
245 0 2 _aPrincipes, Tâches Et Problèmes De La Croix-Rouge Dans Le Droit Des Gens /
_cMax Huber.
264 1 _aGenève:
_bComité International De La Croix-Rouge,
_c1944.
300 _a52 Pages;
_c24 cm.
336 _2rda content
_atext
337 _2rda media
_aComputer
338 _2rda carrier
_aOnline Resource
500 _aExtrait De La Revue Internationale De La Croix-Rouge (26e Année, N° 310-312, Octobre, Novembre, Décembre 1944)
546 _aTexte en français
650 0 4 _aDroit International Public
650 0 4 _aComité International de la Croix-Rouge
856 4 0 _uhttps://fll.law.cu.edu.eg/fulltext/bks/B11-09787.pdf
905 _a59
942 _2ddc
_cBK
_e21
_n0
999 _c70118
_d70118